000 00561nam a2200205Ia 4500
005 20250923144834.0
008 008 250917s9999 xx 000 0 eng d
037 _aTextual
040 _aDSWL
_beng
_cDSWL
041 _aeng
_2eng
084 _aY, K2
_qDSWL
100 _aStark, Werner
_9828940
245 4 _aThe Fundamental forms of social thought
_cby Werner Stark
260 _aLondon
_b&Kegan Paul
_c1962
300 _aviii,270,14p.
365 _aINR
_b32
925 _g32
942 _cTEXL
_hY, K2
999 _c1443987
_d1443987